Einführung in theorie und anwendung der Laplace-Transformation
Saved in:
| Main Author: | |
|---|---|
| Format: | Book |
| Language: | German |
| Published: |
Basilea
Birkhauser
1958
|
| Series: | Mathematische Reihe, 24
|
| Subjects: | |
| Tags: |
Add Tag
No Tags, Be the first to tag this record!
|
MARC
| LEADER | 00000nam a2200000 a 4500 | ||
|---|---|---|---|
| 001 | UCP3075 | ||
| 003 | CL-VaPUC | ||
| 008 | 990604e19580000sz |||||||||||||||||ger|d | ||
| 082 | 0 | 4 | |a 515.723 |b DOE |2 21 |
| 100 | 0 | |a Doetsch, Gustav |e author |9 430186 | |
| 245 | 1 | 0 | |a Einführung in theorie und anwendung der Laplace-Transformation |
| 300 | |a 301 p | ||
| 942 | |c BK | ||
| 945 | |d 19990604 00:00:00 |a crobeson | ||
| 260 | |a Basilea |b Birkhauser |c 1958 | ||
| 650 | 0 | |a Transformada de Laplace |9 422308 | |
| 650 | 7 | |a OPERADORES INTEGRALES |2 CL-VaPUC |9 423135 | |
| 650 | 0 | |a Integrales |9 260233 | |
| 650 | 7 | |a CALCULO OPERACIONAL |2 CL-VaPUC |9 270307 | |
| 583 | |a last modification |c 20150430 04:41:50 |k Rodrigo Vera | ||
| 490 | 0 | |a Mathematische Reihe, 24 | |
| 999 | |c 281513 |d 281511 | ||
| 952 | |0 0 |1 0 |4 0 |6 515_723000000000000_DOE_1958 |7 0 |8 A |9 322269 |a BIBMAT |b BIBMAT |d 2019-11-20 |i 1347985 |o 515.723 DOE 1958 |p 1347985 |r 2025-01-07 |w 2019-11-20 |y BK |k MAT | ||